[Event "10th American Continental"]
[Site "Montevideo URU"]
[Date "2015.05.20"]
[Round "7.42"]
[White "Dominguez, Facundo"]
[Black "Carvalho, Herbert Abreu"]
[Result "0-1"]
[WhiteElo "1947"]
[BlackElo "2157"]
[WhiteFideId "3005178"]
[BlackFideId "2100541"]
[EventDate "2015.05.15"]
[EventType "swiss"]

1. e4 e5 2. Nf3 Nc6 3. Bb5 a6 4. Bxc6 dxc6 5. O-O f6 6. d4 exd4 7. Nxd4 c5 8.
Nb3 Qxd1 9. Rxd1 Bd6 10. Be3 b6 11. Nc3 Ne7 12. Nd2 Be6 13. f4 O-O 14. Nf3 Nc6
15. Rd2 Rfe8 16. Re1 Bf7 17. g3 Rad8 18. Bf2 Na5 19. b3 c4 20. Red1 Nb7 21. e5
fxe5 22. fxe5 Bb4 23. Rxd8 Rxd8 24. Rxd8+ Nxd8 25. Ne2 Bd5 26. Nfd4 cxb3 27.
axb3 Be4 28. c3 Ba3 29. Nf4 Kf7 30. Kf1 Bb2 31. Be1 c5 32. Nde2 g5 33. Ng2 Nc6
34. Bd2 h6 35. h4 Nxe5 36. hxg5 Nf3 37. Bf4 hxg5 38. Bc7 b5 39. b4 cxb4 40. cxb4
Nd4 41. Nxd4 Bxd4 42. Ne1 Ke6 43. Ke2 Bc3 44. Bd8 Bxb4 45. Bxg5 a5 46. Nd3 Bc3
47. Nc1 a4 48. Na2 Bb2 49. Kd2 a3 50. Nb4 Kd6 51. Be3 Bf5 52. Bf2 Be5 53. g4 Bb1
54. Kc1 a2 55. Nxa2 Bxa2 56. Be1 Be6 57. Kc2 Kc5 58. g5 Kc4 59. Ba5 b4 60. Bxb4
Kxb4 61. Kd3 Bf4 62. Ke4 Bxg5 63. Ke5 Bc4 64. Kf5 Bd2 65. Ke4 Kc5 66. Ke5 Bd5
67. Kf6 Kd6 68. Kf5 Be3 69. Kf6 Be6 70. Kg6 Ke7 71. Kg7 Bf7 72. Kh7 Kf8 73. Kh8
Bc4 0-1

[Event "10th American Continental"]
[Site "Montevideo URU"]
[Date "2015.05.20"]
[Round "7.44"]
[White "Cao, Jorge"]
[Black "Pichuaga, Juan Pablo"]
[Result "1/2-1/2"]
[WhiteElo "1929"]
[BlackElo "2141"]
[WhiteFideId "3000109"]
[BlackFideId "3000451"]
[EventDate "2015.05.15"]
[EventType "swiss"]

1. d4 Nf6 2. c4 e6 3. Nc3 b6 4. e4 Bb7 5. Bd3 d6 6. Nf3 Nbd7 7. O-O Be7 8. Re1
e5 9. Qc2 O-O 10. Bg5 exd4 11. Nxd4 Ne5 12. Be2 Nd5 13. Bxe7 Nxe7 14. f4 N5c6
15. Rad1 Nxd4 16. Rxd4 Qc8 17. Nd5 Re8 18. Bf3 a5 19. b3 Ng6 20. g3 Nf8 21. Rdd1
Bxd5 22. cxd5 Nd7 23. Bg4 Qd8 24. Bxd7 Qxd7 25. Rc1 Re7 26. Qc6 Rae8 27. Qxd7
Rxd7 28. Re3 Rde7 29. Rce1 f6 30. Kf2 Kf7 31. f5 g5 32. Kf3 h5 33. a4 Rg8 34.
Rc1 Ke8 35. Rec3 1/2-1/2

[Event "10th American Continental"]
[Site "Montevideo URU"]
[Date "2015.05.20"]
[Round "7.45"]
[White "Lopez Falcon, Jorge"]
[Black "Moccero, Eduardo"]
[Result "1-0"]
[WhiteElo "2138"]
[BlackElo "2004"]
[WhiteFideId "3000850"]
[BlackFideId "103373"]
[EventDate "2015.05.15"]
[EventType "swiss"]

1. d4 d5 2. c4 dxc4 3. Nf3 Nf6 4. e3 e6 5. Bxc4 c5 6. O-O a6 7. a4 Nc6 8. Nc3
cxd4 9. exd4 Be7 10. Re1 O-O 11. Bg5 b6 12. Qd2 Bb7 13. Rad1 Qc7 14. Ba2 Rfd8
15. Qe2 Nb4 16. Bb1 Nbd5 17. Ne5 Nxc3 18. bxc3 Qd6 19. Bxf6 Bxf6 20. Bxh7+ Kf8
21. Bc2 Rac8 22. Qh5 Bxe5 23. dxe5 Qc6 24. Be4 Rxd1 25. Qxd1 Qc7 26. Bxb7 Qxb7
27. Re3 Ke7 28. Qd6+ 1-0

[Event "10th American Continental"]
[Site "Montevideo URU"]
[Date "2015.05.20"]
[Round "7.46"]
[White "Sosa Macho, Juan Manuel"]
[Black "Muzzi, Eduardo"]
[Result "1/2-1/2"]
[BlackTitle "CM"]
[WhiteElo "2137"]
[BlackElo "1987"]
[WhiteFideId "3000354"]
[BlackFideId "3001253"]
[EventDate "2015.05.15"]
[EventType "swiss"]

1. d4 Nf6 2. c4 c5 3. d5 b5 4. Nf3 g6 5. Qc2 Bg7 6. e4 d6 7. h3 O-O 8. Bf4 Nxe4
9. Bd3 Nf6 10. g4 bxc4 11. Bxc4 Ba6 12. Bxa6 Nxa6 13. Nc3 Nb4 14. Qd2 Qb6 15.
O-O Qb7 16. Rad1 Rab8 17. Rfe1 Rfe8 18. Re2 Rbd8 19. a3 Na6 20. Ng5 Nc7 21. Qd3
a6 22. a4 h6 23. Nge4 Nxe4 24. Nxe4 Qb4 25. b3 Rb8 26. Rde1 Qd4 27. Qxd4 cxd4
28. Nd2 g5 29. Bg3 d3 30. Rxe7 Rxe7 31. Rxe7 Nxd5 32. Rd7 1/2-1/2

[Event "10th American Continental"]
[Site "Montevideo URU"]
[Date "2015.05.20"]
[Round "7.47"]
[White "Saralegui, Mario"]
[Black "Ibanez, Marcelo"]
[Result "1-0"]
[WhiteElo "2125"]
[BlackElo "1963"]
[WhiteFideId "3000419"]
[BlackFideId "3002691"]
[EventDate "2015.05.15"]
[EventType "swiss"]

1. d4 Nf6 2. c4 g6 3. Nc3 d5 4. Nf3 Bg7 5. g3 c6 6. cxd5 cxd5 7. Bg2 O-O 8. O-O
Ne4 9. Qb3 Nc6 10. e3 Na5 11. Qb4 Nc6 12. Qa3 Nxc3 13. bxc3 Bf5 14. Nd2 Na5 15.
e4 dxe4 16. Nxe4 Rc8 17. Bf4 b6 18. Rfe1 Qd7 19. Rac1 h6 20. h4 Be6 21. Nd2 Rfe8
22. Kh2 Bf6 23. Bxh6 Bd5 24. Ne4 Bxe4 25. Rxe4 Nc4 26. Qa6 Nd6 27. Ree1 Rc4 28.
Qa3 Nb5 29. Qb3 Rec8 30. Bd2 Qf5 31. Kg1 Nd6 32. Bf4 Ne8 33. Bf1 R4c7 34. Qb5
Qxb5 35. Bxb5 Nd6 36. Ba6 Rd8 37. Be5 Bxe5 38. Rxe5 Nf5 39. Ree1 e6 40. Bd3 Ne7
41. Be4 Rdc8 42. Re3 Rc4 43. Rd3 b5 44. Rb1 Rb8 45. Kf1 Nc8 46. Ke2 Nd6 47. Bg2
Rbc8 48. Rb3 a5 49. d5 e5 50. Re3 a4 51. Rb4 Rxc3 52. Rxe5 Rc2+ 53. Kf3 Rxa2 54.
Bf1 Rcc2 55. Re2 a3 56. Rb3 Nf5 57. Rxc2 Nd4+ 58. Ke4 Nxc2 59. Bd3 Rb2 60. Rxb2 1-0

[Event "10th American Continental"]
[Site "Montevideo URU"]
[Date "2015.05.20"]
[Round "7.48"]
[White "Idiarte Borda, Jorge"]
[Black "El Ters, Antouan"]
[Result "0-1"]
[WhiteElo "2035"]
[BlackElo "2208"]
[WhiteFideId "3000842"]
[BlackFideId "3000150"]
[EventDate "2015.05.15"]
[EventType "swiss"]

1. Nf3 Nf6 2. g3 g6 3. Bg2 Bg7 4. O-O O-O 5. d4 d5 6. b3 Nbd7 7. Bb2 a5 8. a4 c5
9. e3 b6 10. c4 Bb7 11. Nbd2 e6 12. Ne5 Nxe5 13. dxe5 Nd7 14. f4 Qc7 15. Rc1
Rfd8 16. cxd5 exd5 17. Qc2 Nb8 18. e4 d4 19. Nc4 Ba6 20. Rfd1 Nc6 21. Ba3 Bf8
22. Nb2 d3 23. Qc3 Nd4 24. Bf1 Ne2+ 25. Bxe2 dxe2 26. Rxd8 Rxd8 27. Re1 Qc6 28.
Qe3 Rd4 29. Rxe2 Bxe2 30. Qxe2 Rxe4 31. Qc2 Re1+ 32. Kf2 Qh1 33. Qc4 Qg1+ 34.
Kf3 Re3+ 35. Kg4 Qxh2 0-1

[Event "10th American Continental"]
[Site "Montevideo URU"]
[Date "2015.05.20"]
[Round "7.49"]
[White "Daneri, Martin"]
[Black "Sopko, Cassio Roberto"]
[Result "0-1"]
[WhiteTitle "CM"]
[WhiteElo "2109"]
[BlackElo "1930"]
[WhiteFideId "104981"]
[BlackFideId "2167867"]
[EventDate "2015.05.15"]
[EventType "swiss"]

1. c4 f5 2. Nc3 Nf6 3. d4 e6 4. f3 d5 5. e3 c6 6. Bd3 Bd6 7. Nge2 O-O 8. Qc2 Na6
9. a3 Nc7 10. Bd2 Bd7 11. O-O-O Rc8 12. Kb1 c5 13. e4 dxc4 14. Bxc4 fxe4 15.
Nxe4 Nxe4 16. Qxe4 Bc6 17. Bxe6+ Kh8 18. d5 Nxe6 19. Qxe6 Re8 20. Qg4 Bd7 21.
Qh5 Rxe2 22. Bc3 Qe8 23. Qh4 Qg6+ 24. Ka1 b5 25. Rhe1 Rxe1 26. Rxe1 Re8 27. g4
Rxe1+ 28. Qxe1 Qe8 29. Qh4 Kg8 30. Qg5 Qe7 31. Qh5 b4 32. axb4 cxb4 33. Bd4 Qe1+
34. Ka2 Qd1 0-1

[Event "10th American Continental"]
[Site "Montevideo URU"]
[Date "2015.05.20"]
[Round "7.50"]
[White "Genro, Guilherme"]
[Black "Boff, Andre Ricardo"]
[Result "1-0"]
[WhiteElo "2096"]
[BlackElo "1927"]
[WhiteFideId "2173654"]
[BlackFideId "2154854"]
[EventDate "2015.05.15"]
[EventType "swiss"]

1. e4 e6 2. d4 d5 3. Nd2 Nc6 4. Ngf3 Nf6 5. e5 Nd7 6. c3 f6 7. exf6 Qxf6 8. Bb5
a5 9. O-O Bd6 10. Qe2 O-O 11. Re1 Na7 12. Bd3 Nb6 13. Ne5 Bxe5 14. dxe5 Qf7 15.
Nf3 h6 16. Nh4 Nc6 17. Ng6 Rd8 18. Bd2 Nd7 19. Qg4 Nf8 20. Re3 Nxg6 21. Bxg6 Qe7
22. Rae1 Qg5 23. Bf7+ Kf8 24. Qxg5 hxg5 25. Rf3 Bd7 26. Bxg5 Rdb8 27. Bxe6+ Ke8
28. Bxd5 Nd8 29. e6 Bc8 30. Rf8+ Kxf8 31. e7+ 1-0

[Event "10th American Continental"]
[Site "Montevideo URU"]
[Date "2015.05.20"]
[Round "7.51"]
[White "Gomes, Marco Tulio"]
[Black "Manzi, Luiz Antonio Bardaro"]
[Result "0-1"]
[WhiteElo "1883"]
[BlackElo "2091"]
[WhiteFideId "2115271"]
[BlackFideId "2102641"]
[EventDate "2015.05.15"]
[EventType "swiss"]

1. e4 Nf6 2. e5 Nd5 3. d4 d6 4. Nf3 g6 5. Bc4 c6 6. O-O Bg7 7. Re1 O-O 8. c3 Nb6
9. Bb3 d5 10. Bf4 Na6 11. Nbd2 c5 12. Qe2 Bf5 13. Nf1 c4 14. Bc2 Bxc2 15. Qxc2
Nc7 16. Qd2 Qd7 17. Bh6 Qg4 18. Ng3 Ne6 19. Be3 Nd8 20. e6 Qxe6 21. Bg5 Qc8 22.
Bxe7 Re8 23. Bxd8 Qxd8 24. Rxe8+ Qxe8 25. Re1 Qd7 26. Qe3 Rd8 27. h4 Nc8 28. h5
Nd6 29. Qe7 Qxe7 30. Rxe7 Bh6 31. hxg6 hxg6 32. Re5 Nc8 33. Kf1 f6 34. Re2 Kf7
35. Ke1 Bf4 36. Nf1 Rd6 37. g3 Bh6 38. Ne3 Bxe3 39. Rxe3 Ra6 40. a3 Rb6 41. Re2
Nd6 42. Kd1 Ne4 43. Kc2 Re6 44. Nh4 a6 45. Ng2 g5 46. Ne3 Nxf2 47. Rxf2 Rxe3 48.
Rg2 g4 49. Kd2 Rd3+ 50. Kc2 b5 51. b3 Kg6 52. b4 Kg5 53. Kb2 f5 54. Kc2 f4 55.
gxf4+ Kxf4 56. Rf2+ Ke3 57. Rf4 g3 58. Rg4 Kf2 59. Rf4+ Rf3 0-1

[Event "10th American Continental"]
[Site "Montevideo URU"]
[Date "2015.05.20"]
[Round "7.52"]
[White "Benoit, Rodrigo"]
[Black "Casas, Nicolas"]
[Result "1-0"]
[WhiteElo "2088"]
[BlackElo "1834"]
[WhiteFideId "3005151"]
[BlackFideId "3002055"]
[EventDate "2015.05.15"]
[EventType "swiss"]

1. e4 d5 2. exd5 Qxd5 3. Nc3 Qa5 4. d4 c6 5. Bc4 Bf5 6. Ne2 e6 7. O-O Nf6 8. Bf4
Be7 9. a3 O-O 10. b4 Qd8 11. Bd3 Bxd3 12. Qxd3 Nd5 13. Bd2 Nxc3 14. Nxc3 Bf6 15.
Be3 e5 16. Ne4 exd4 17. Nxf6+ Qxf6 18. Bxd4 Qg6 19. Qc3 Nd7 20. Rfe1 Rfe8 21.
Rxe8+ Rxe8 22. Bxa7 Nf6 23. Bd4 Nd5 24. Qg3 Qxg3 25. hxg3 Re2 26. c4 Nc7 27. Be3
Rc2 28. Rd1 Ne6 29. c5 Rc3 30. Rd7 Rxa3 31. Rxb7 Ra8 32. Kf1 h6 33. Ke2 Rd8 34.
Rb6 Re8 35. Kd3 Rd8+ 36. Kc4 Rc8 37. b5 cxb5+ 38. Kxb5 Nc7+ 39. Kc6 Ne6+ 40. Kb7
Rxc5 41. Rxe6 1-0

[Event "10th American Continental"]
[Site "Montevideo URU"]
[Date "2015.05.20"]
[Round "7.53"]
[White "Zimmermann, Kleber Renato P."]
[Black "Rodriguez, Paulo Virgilio Rios"]
[Result "1/2-1/2"]
[WhiteTitle "CM"]
[WhiteElo "1966"]
[BlackElo "2072"]
[WhiteFideId "2150050"]
[BlackFideId "2108267"]
[EventDate "2015.05.15"]
[EventType "swiss"]

1. d4 b6 2. c4 Bb7 3. Nc3 f5 4. Nf3 Nf6 5. g3 e6 6. Bg2 Be7 7. O-O O-O 8. d5 Bb4
9. dxe6 Bxc3 10. bxc3 dxe6 11. Qxd8 Rxd8 12. Bf4 Na6 13. a4 Ne4 14. Ng5 Nac5 15.
Nxe4 Bxe4 16. Bxc7 Bxg2 17. Kxg2 Rd7 18. Bf4 Rc8 19. Rfd1 Kf7 20. Rxd7+ Nxd7 21.
a5 e5 22. Be3 Rxc4 23. axb6 axb6 24. Rb1 Rc8 25. c4 Rc6 26. Rb4 Ke6 27. f4 g6
28. h3 exf4 1/2-1/2

[Event "10th American Continental"]
[Site "Montevideo URU"]
[Date "2015.05.20"]
[Round "7.54"]
[White "Hirota da Silva, Nilton"]
[Black "Blanchard, Marcel"]
[Result "1/2-1/2"]
[WhiteElo "2045"]
[BlackElo "1804"]
[WhiteFideId "2101700"]
[BlackFideId "3000214"]
[EventDate "2015.05.15"]
[EventType "swiss"]

1. e4 e5 2. Nc3 Nf6 3. d3 Nc6 4. Be2 Bc5 5. Be3 d6 6. Bf3 Nd4 7. Na4 Bb6 8. Nxb6
Nxf3+ 9. Nxf3 axb6 10. O-O Bg4 11. Kh1 Qd7 12. Rg1 h6 13. a3 1/2-1/2

[Event "10th American Continental"]
[Site "Montevideo URU"]
[Date "2015.05.20"]
[Round "7.55"]
[White "Areco, Antonio"]
[Black "Izquierdo, Sebastian"]
[Result "0-1"]
[WhiteElo "1746"]
[BlackElo "2040"]
[WhiteFideId "139190"]
[BlackFideId "3001610"]
[EventDate "2015.05.15"]
[EventType "swiss"]

1. Nf3 Nf6 2. e3 d6 3. d4 g6 4. c4 Bg7 5. Nc3 O-O 6. Bd3 Nc6 7. a3 e5 8. d5 Ne7
9. O-O Nd7 10. e4 a5 11. Be3 h6 12. Qd2 Kh7 13. Rab1 f5 14. exf5 Nxf5 15. Qc2
Nf6 16. Bd2 Rg8 17. Ne4 Nxe4 18. Bxe4 Ne7 19. b4 axb4 20. axb4 Bf5 21. Rb3 Qd7
22. Bxf5 Qxf5 23. Qxf5 gxf5 24. Rd1 Ra2 25. Ne1 Rga8 26. Nd3 Rxd2 0-1

[Event "10th American Continental"]
[Site "Montevideo URU"]
[Date "2015.05.20"]
[Round "7.56"]
[White "Chemin, Justo Reinaldo"]
[Black "Pena Canapa, Alfredo"]
[Result "1-0"]
[WhiteTitle "FM"]
[WhiteElo "2135"]
[BlackElo "1785"]
[WhiteFideId "2101580"]
[BlackFideId "3003140"]
[EventDate "2015.05.15"]
[EventType "swiss"]

1. d4 Nf6 2. Nf3 e6 3. Bf4 c5 4. c3 cxd4 5. cxd4 Be7 6. Nc3 d5 7. e3 O-O 8. h3
Bd7 9. Bd3 Bc6 10. O-O Nbd7 11. Qc2 Rc8 12. Rfc1 a6 13. Rab1 b5 14. Qe2 Bb7 15.
Ne5 Ne4 16. Nxe4 dxe4 17. Bc2 Nxe5 18. Bxe5 Bd6 19. Bxd6 Qxd6 20. Bb3 Bd5 21.
Bxd5 exd5 22. Qd2 Qb6 23. Qb4 Rc4 24. Rxc4 dxc4 25. Rd1 a5 26. Qe7 Qc6 27. Qc5
Qd7 28. d5 Rc8 29. Qd4 f5 30. d6 b4 31. Qd5+ Kf8 32. Qxa5 c3 33. Qxb4 c2 34. Rc1
Ke8 35. Qd2 Rc6 36. Rxc2 Rxd6 37. Qb4 Rd1+ 38. Kh2 Qd3 39. Rc8+ Kf7 40. Qf8+ Kg6
41. Rc6+ 1-0

[Event "10th American Continental"]
[Site "Montevideo URU"]
[Date "2015.05.20"]
[Round "7.57"]
[White "Rodrigues, Julliano de Araujo"]
[Black "De Haro, Martim Afonso Palma"]
[Result "1/2-1/2"]
[WhiteElo "1808"]
[BlackElo "2048"]
[WhiteFideId "2127288"]
[BlackFideId "2101653"]
[EventDate "2015.05.15"]
[EventType "swiss"]

1. e4 c5 2. Nf3 g6 3. d4 cxd4 4. Nxd4 Nc6 5. c4 Nf6 6. Nc3 Nxd4 7. Qxd4 d6 8.
Be2 Bg7 9. Be3 O-O 10. Qd2 Be6 11. O-O Qa5 12. b4 Qxb4 13. Rab1 Qa5 14. Rxb7
Rfc8 15. Nd5 Qxd2 16. Nxe7+ Kh8 17. Bxd2 Re8 18. f3 Nd7 19. Nd5 Nc5 20. Rbb1
Bxd5 21. cxd5 f5 22. Bb5 Bd4+ 23. Kh1 Re7 24. exf5 gxf5 25. Rfe1 Rxe1+ 26. Rxe1
Kg7 27. Bf4 Rb8 28. Bf1 Rb6 29. h4 Bf2 30. Rc1 Bxh4 31. Be3 Rb4 32. Rc4 Rb1 33.
Rxh4 Rxf1+ 34. Kh2 Rd1 35. Rd4 Rxd4 36. Bxd4+ Kg6 37. Kg3 a6 38. a3 Nd3 39. f4
Nc5 40. Kf3 Ne4 41. Bb6 h5 42. Bd8 Kf7 43. a4 Nc3 44. a5 Nxd5 45. Kg3 Nf6 46.
Kh4 Nd5 47. Kg5 Ke6 48. Bb6 Nb4 1/2-1/2

[Event "10th American Continental"]
[Site "Montevideo URU"]
[Date "2015.05.20"]
[Round "7.58"]
[White "Fein, Jorge"]
[Black "Colman, Matias"]
[Result "0-1"]
[WhiteElo "1790"]
[BlackElo "2036"]
[WhiteFideId "3003914"]
[BlackFideId "3000699"]
[EventDate "2015.05.15"]
[EventType "swiss"]

1. Nf3 d5 2. b3 Bf5 3. Bb2 e6 4. d3 Nf6 5. g3 Bc5 6. Bg2 Nbd7 7. Nbd2 c6 8. Nh4
Bg6 9. d4 Bd6 10. e3 Bh5 11. Qc1 O-O 12. O-O Re8 13. c4 b6 14. Nhf3 Rc8 15. Ba3
Qe7 16. Bxd6 Qxd6 17. Qb2 a5 18. a4 Nb8 19. Qa3 Qxa3 20. Rxa3 Bxf3 21. Bxf3 Na6
22. Raa1 c5 23. cxd5 exd5 24. Be2 Nb4 25. Bb5 Re7 26. Nf3 Ne4 27. Rac1 Rec7 28.
dxc5 bxc5 29. Rfd1 f6 30. Bf1 Kf7 31. Nd2 Nxd2 32. Rxd2 g6 33. Bg2 c4 34. Bxd5+
Nxd5 35. Rxd5 cxb3 36. Rxc7+ Rxc7 37. Rd1 b2 0-1

[Event "10th American Continental"]
[Site "Montevideo URU"]
[Date "2015.05.20"]
[Round "7.59"]
[White "Toledo, Javier"]
[Black "Pinero, Ismael"]
[Result "1-0"]
[BlackTitle "CM"]
[WhiteElo "1769"]
[BlackElo "2013"]
[WhiteFideId "3007502"]
[BlackFideId "3004244"]
[EventDate "2015.05.15"]
[EventType "swiss"]

1. e4 c5 2. Nf3 Nc6 3. d4 cxd4 4. Nxd4 Nf6 5. Nxc6 bxc6 6. Bd3 g6 7. O-O Bg7 8.
c4 d6 9. Nc3 O-O 10. Qe2 Ng4 11. h3 Ne5 12. Be3 Qa5 13. Bd2 Rb8 14. Rfb1 Qa6 15.
b3 Qb7 16. Rd1 a5 17. Rac1 Rd8 18. Bb1 Nd7 19. Na4 Qa6 20. Qe1 Ra8 21. Be3 Re8
22. c5 Nxc5 23. Nxc5 dxc5 24. Rxc5 a4 25. b4 Be6 26. f4 Bc4 27. Rd7 Qc8 28. Qd2
Bd5 29. Rdxd5 1-0

[Event "10th American Continental"]
[Site "Montevideo URU"]
[Date "2015.05.20"]
[Round "7.60"]
[White "Dornelles, Marcio Neron Camargo"]
[Black "Ortiz, Jorge"]
[Result "1-0"]
[WhiteElo "1980"]
[BlackElo "1894"]
[WhiteFideId "2146673"]
[BlackFideId "113972"]
[EventDate "2015.05.15"]
[EventType "swiss"]

1. e4 e6 2. d4 d5 3. Nd2 dxe4 4. Nxe4 Bd7 5. Nf3 Bc6 6. Bd3 Be7 7. O-O Nf6 8.
Nxf6+ Bxf6 9. c3 O-O 10. Bf4 b6 11. Re1 Nd7 12. Qe2 Bb7 13. Rad1 Re8 14. Ne5
Bxe5 15. dxe5 Qe7 16. Qh5 Nf8 17. Re3 g6 18. Qh6 f5 19. exf6 Qxf6 20. Be5 Qf7
21. Rg3 Rad8 22. Re1 Rd5 23. Bc4 Rd7 24. h4 Qf5 25. Bd3 Qf7 26. h5 Rxd3 27. Rxd3
Bd5 28. c4 Bc6 29. Red1 gxh5 30. Rg3+ Ng6 31. Rd4 Re7 32. Rf4 Qe8 33. Rxg6+ 1-0

[Event "10th American Continental"]
[Site "Montevideo URU"]
[Date "2015.05.20"]
[Round "7.61"]
[White "Ruggiero, Alvaro"]
[Black "Campora, Edgardo"]
[Result "1/2-1/2"]
[WhiteTitle "CM"]
[WhiteElo "1967"]
[BlackElo "1847"]
[WhiteFideId "3001504"]
[BlackFideId "3003612"]
[EventDate "2015.05.15"]
[EventType "swiss"]

1. e4 c5 2. Nc3 e6 3. f4 a6 4. a4 Nc6 5. Bc4 d6 6. Nf3 g6 7. O-O Bg7 8. f5 exf5
9. d3 Nge7 10. Qe1 Be6 11. Nd5 Bxd5 12. Bxd5 Nxd5 13. exd5+ Ne5 14. d4 cxd4 15.
Nxd4 O-O 16. c3 Nd3 17. Qe3 Nxc1 18. Raxc1 Qb6 19. Nxf5 Qxe3+ 20. Nxe3 Bh6 21.
Rce1 Rfe8 22. Nc4 Bf8 23. Nb6 Rad8 24. Rxe8 Rxe8 25. h3 Re2 26. Rf2 Re1+ 27. Kh2
Bh6 28. Nc4 Re4 29. Nxd6 Bf4+ 30. Rxf4 Rxf4 31. Nxb7 Rf2 32. d6 Rd2 33. c4 Kf8
34. c5 Ke8 35. c6 a5 36. d7+ Ke7 37. Nxa5 Rxb2 38. Nb7 Rd2 39. d8=Q+ Rxd8 40.
Nxd8 Kxd8 41. Kg3 Kc7 42. Kf4 f6 43. Ke4 Kxc6 44. Kd4 Kd6 45. a5 Kc6 46. a6 Kb6
47. Kd5 f5 48. a7 Kxa7 49. Ke5 Kb6 50. Kf6 Kc5 51. Kg7 g5 52. Kf6 g4 53. hxg4
fxg4 54. Kg5 g3 1/2-1/2

[Event "10th American Continental"]
[Site "Montevideo URU"]
[Date "2015.05.20"]
[Round "7.62"]
[White "Pena, Luis"]
[Black "Acosta, Mariano USA"]
[Result "0-1"]
[WhiteElo "1680"]
[BlackElo "1967"]
[WhiteFideId "3006000"]
[BlackFideId "2008629"]
[EventDate "2015.05.15"]
[EventType "swiss"]

1. e4 g6 2. d4 Bg7 3. c3 c6 4. Bd3 d6 5. Be3 Nd7 6. Nf3 e5 7. O-O Ngf6 8. Qe2
O-O 9. Nbd2 h6 10. Bc2 Ng4 11. Rad1 Nxe3 12. Qxe3 Qe7 13. Bb3 b5 14. g3 Nb6 15.
Nh4 Kh7 16. Ng2 Bh3 17. dxe5 dxe5 18. Rfe1 Rfd8 19. Qf3 Be6 20. Bxe6 Qxe6 21.
Nb3 Na4 22. Qe2 Bf8 23. Ne3 Nc5 24. Nxc5 Bxc5 25. a3 h5 26. Rd3 Rxd3 27. Qxd3
Bb6 28. Rd1 Rd8 29. Qe2 Rxd1+ 30. Nxd1 Kg7 31. Qd3 h4 32. Qf3 hxg3 33. hxg3 Qf6
34. Qe2 Qg5 35. Kg2 Qc1 36. Kh3 c5 37. Kg2 c4 38. Kf1 Kf6 39. Qf3+ Ke7 40. Qe2
a6 41. Kg2 a5 42. g4 Qg5 43. f3 a4 44. Nf2 Qe3 45. Qc2 Qxf2+ 46. Qxf2 Bxf2 47.
Kxf2 Kf6 48. Ke2 Kg5 49. Ke3 f6 50. Kd2 Kf4 51. Ke2 Kg3 52. Ke3 g5 53. Ke2 Kg2
54. Ke3 Kf1 55. f4 gxf4+ 56. Kf3 Ke1 0-1

[Event "10th American Continental"]
[Site "Montevideo URU"]
[Date "2015.05.20"]
[Round "7.63"]
[White "Torres Acosta, Raul"]
[Black "Diaz, Maria M.A."]
[Result "0-1"]
[BlackTitle "WFM"]
[WhiteElo "1677"]
[BlackElo "1963"]
[WhiteFideId "3006174"]
[BlackFideId "7500114"]
[EventDate "2015.05.15"]
[EventType "swiss"]

1. e4 d6 2. d4 Nf6 3. Nc3 g6 4. Nf3 Bg7 5. Bc4 O-O 6. Bb3 c5 7. dxc5 Qa5 8. Bd2
Qxc5 9. O-O Bg4 10. h3 Bxf3 11. Qxf3 Nc6 12. Be3 Qa5 13. Rad1 Rad8 14. Ne2 Ne5
15. Qf4 h6 16. Bd4 Ned7 17. Qe3 Kh7 18. Bc3 Qc5 19. Bd4 Qc7 20. f3 a6 21. f4 e5
22. fxe5 dxe5 23. Qc3 Qb8 24. Be3 Nxe4 25. Qc4 Nd6 26. Qb4 Nf5 27. Bb6 Nxb6 28.
Qxb6 Rxd1 29. Rxd1 Qc8 30. g4 Nd4 31. Nxd4 exd4 32. Rf1 Qd7 33. Bc4 d3 34. Bxd3
Bd4+ 0-1

[Event "10th American Continental"]
[Site "Montevideo URU"]
[Date "2015.05.20"]
[Round "7.64"]
[White "Rodriguez Farias, Eduardo"]
[Black "Gomez Troccoli, Martin"]
[Result "1-0"]
[WhiteElo "1956"]
[BlackElo "1761"]
[WhiteFideId "3005062"]
[BlackFideId "3006778"]
[EventDate "2015.05.15"]
[EventType "swiss"]

1. e4 e6 2. d4 d5 3. e5 c5 4. c3 Qb6 5. Nf3 Bd7 6. Bd3 cxd4 7. Nxd4 Nc6 8. Nxc6
bxc6 9. O-O f5 10. exf6 Nxf6 11. Qe2 c5 12. Nd2 Bd6 13. Nf3 O-O 14. Ne5 Be8 15.
Re1 Bc7 16. Bg5 Nd7 17. Nxd7 Bxd7 18. Qh5 g6 19. Bxg6 hxg6 20. Qxg6+ Kh8 21.
Bf6+ Rxf6 22. Qxf6+ Kg8 23. Re3 1-0

[Event "10th American Continental"]
[Site "Montevideo URU"]
[Date "2015.05.20"]
[Round "7.65"]
[White "Pereira, Henry Alberto"]
[Black "Chamlian, Aram"]
[Result "0-1"]
[WhiteElo "1955"]
[BlackElo "1714"]
[WhiteFideId "4433270"]
[BlackFideId "3003639"]
[EventDate "2015.05.15"]
[EventType "swiss"]

1. b3 e5 2. Bb2 d6 3. e4 Nf6 4. d4 Nbd7 5. Nf3 Be7 6. dxe5 dxe5 7. Nxe5 Bb4+ 8.
c3 Bc5 9. Nxd7 Bxd7 10. Bd3 Ng4 11. Rf1 Qh4 12. g3 Qxh2 13. Qe2 O-O-O 14. Na3
Nxf2 15. Kd2 Bg4 16. Rxf2 Qh6+ 17. Kc2 Bxe2 18. Rxe2 Qd6 19. Rd1 Qxg3 20. Nc4
Rd7 21. e5 g6 22. Red2 Rhd8 23. b4 Be3 24. Re2 Bf4 0-1